| 000 | 00409cam a2200169ua 4500 | ||
|---|---|---|---|
| 020 | _c7.6 | ||
| 041 |
_aeng _h |
||
| 082 |
_a823.308 _bBAL/EU |
||
| 100 | _aBalzac, Honore De . | ||
| 245 |
_aEugenie grandet / _cHonore de balzac. _hTextual Documents |
||
| 260 |
_aLondon : _bJ M Dent and Sons Ltd , _c1962. |
||
| 300 | _a235 ; . | ||
| 365 | _a7.6 | ||
| 504 | _a | ||
| 942 | _cBK | ||
| 999 |
_c12537 _d12537 |
||